Statistics for Years the Montreal Canadiens won the Stanley cup

Click here to take the quiz!

General Stats

  • This quiz has been taken 228 times
  • The average score is 23 of 24

Answer Stats

Hint Answer % Correct
241993
98%
201977
96%
191976
96%
211978
96%
221979
96%
111959
95%
231986
95%
101958
95%
121960
95%
91957
95%
81956
95%
161969
94%
181973
94%
151968
94%
171971
94%
141966
94%
131965
94%
41931
92%
71953
92%
21924
92%
51944
91%
31930
91%
61946
90%
11916
90%

Score Distribution

Percentile by Number Answered

Percent of People with Each Score

Your Score History

You have not taken this quiz